US Presidents without IOUs Quiz Stats

Quiz Updated Aug 15, 2012

Challenge
Share
Tweet
Embed
Score 0/10 Timer 02:00
3 Plays Today
President % Correct
John Adams
89.3%
John Quincy Adams
89.2%
John F. Kennedy
78%
Ronald Reagan
74.7%
Jimmy Carter
74.5%
William Howard Taft
73.2%
Ulysses S. Grant
65.9%
John Tyler
58.3%
Grover Cleveland
50.4%
Rutherford B. Hayes
41.8%

You're not logged in!

Compare scores with friends on all Sporcle quizzes.
Sign Up with Email
OR
Log In

You Might Also Like...

Show Comments

Extras

Top Quizzes Today


Score Distribution

Your Account Isn't Verified!

In order to create a playlist on Sporcle, you need to verify the email address you used during registration. Go to your Sporcle Settings to finish the process.